=LDR 00000nam 2200000 4500 =001 INLIS000000000019859 =005 20130612114856 =008 ***********************************Ind** =035 ##$$0010-061300000019859 =041 ##$$a Ind =082 ##$$a 828.82 =090 ##$$a 828.82, Gri n =100 ##$$a Grimble, Arthur =245 ##$$a Raturn to the islands, Arthur Grimble =260 ##$$a 1952 $b London =300 ##$$a 202 hlm, 31 cm =650 ##$$a Kesusastraan Inggris-Penulisan =850 ##$$a NBPNMAT